000 01105nac a22002651u 4500
010 _a 2005056263
020 _a0471681792
020 _a9780471681793
035 _a(OCoLC)ocm62110052
082 0 0 _a690/.837
_bA4251
090 _c1967
_d1967
100 _aAllen, Edward.
245 1 0 _aFundamentals of residential construction /
_cEdward Allen and Rob Thallon ; featuring the drawings of Joseph Iano.
250 _a2nd ed.
260 _aHoboken, N.J. :
_bJohn Wiley,
_cc2006.
300 _axii, 628 p. :
_bill. ;
_c29 cm.
504 _aIncludes bibliographical references and index.
650 0 _aHouse construction.
700 1 _aThallon, Rob.
700 1 _aIano, Joseph.
856 4 2 _3Publisher description
_uhttp://www.loc.gov/catdir/enhancements/fy0626/2005056263-d.html
856 4 2 _3Table of contents only
_uhttp://www.loc.gov/catdir/enhancements/fy0653/2005056263-t.html
942 _cBB
_k690/.837
999 _c1967
_d1967